Velké příběhy světových dějin : 365 dní v roce, 365 dramatických událostí /

Hlavní autor: Marsh, W. B.
Další autoři: Carrick, Bruce
Jazyk: Čeština
Vydáno: [Líbeznice] : Víkend, 2006
Témata:
Fyzický popis: 575 s. ; 20 cm
Knihy
Uloženo v:
LEADER 01439cam a2200397 a 4500
001 nkc20061701052
003 CZ PrNK
005 20200525140643.0
007 ta
008 061128s2006 xr e 001 0 cze d
015 |a cnb001701052 
020 |a 80-86891-46-1  |q (váz.) 
035 |a (OCoLC)320199908 
040 |a ULG001  |b cze  |d OLA001  |d ABA001 
041 1 |a cze  |h eng 
072 7 |a 94(100)  |x Světové dějiny  |2 Konspekt  |9 8 
080 |a 94(100)  |2 MRF 
080 |a 929  |2 MRF 
080 |a (0:82-32)  |2 MRF 
100 1 |a Marsh, W. B.  |q (William B.)  |7 xx0056762  |4 aut 
245 1 0 |a Velké příběhy světových dějin :  |b 365 dní v roce, 365 dramatických událostí /  |c W.B. Marsh, Bruce Carrick ; [z anglického originálu ... přeložili Blanka Augustínová ... et al.] 
260 |a [Líbeznice] :  |b Víkend,  |c 2006 
300 |a 575 s. ;  |c 20 cm 
500 |a Obsahuje rejstřík 
650 0 7 |a světové dějiny  |7 ph117271  |2 czenas 
650 0 7 |a osobnosti  |7 ph115615  |2 czenas 
650 0 9 |a world history  |2 eczenas 
650 0 9 |a celebrities  |2 eczenas 
655 7 |a příběhy  |7 fd133204  |2 czenas 
655 9 |a stories  |2 eczenas 
700 1 |a Carrick, Bruce  |q (Bruce R.)  |7 xx0056761  |4 aut 
765 0 |t 365 great stories from history for every day of the year  |9 Česky 
910 2 |a BOA001  |b 1-1442.984 
990 |a BK 
995 |a 01 
996 6 |b 2610819124  |c 1-1442.984  |l MZK  |r Sklad / do 1 hodiny  |n 1  |p dar  |w 001802828  |u 000010  |a 1  |e BOA001  |j MZK50  |s P